000 00297nam a2200121Ia 4500
008 190802s9999 xx 000 0 und d
020 _a978-93-868-7326-2
100 _aJeffrey A.Hoffer
245 0 _aModern Database Management
260 _aNew Delhi
_bPHI
_c2018
300 _a554:p
942 _cBK
999 _c2353
_d2353